| 000 | 00502nam a2200193Ia 4500 | ||
|---|---|---|---|
| 003 | LK-CoDNM | ||
| 005 | 20240913105145.0 | ||
| 008 | 010623t xxu||||| |||| 00| 1 eng d | ||
| 040 |
_aLK-CoDNM _dLK-CoDNM _eLK-CoDNM |
||
| 041 | _aeng | ||
| 080 |
_a14 _bC25 |
||
| 245 | _aBritish Empire Exhibition 1924 : the official Ceylon Handbook | ||
| 260 |
_bColombo Museum _aColombo |
||
| 300 | _bxx, 254p. : Map , ill ; 22 cm | ||
| 650 | _aCoconut | ||
| 650 | _aPlumbago | ||
| 650 | _aTravel | ||
| 942 | _cBK | ||
| 999 |
_c133802 _d133802 |
||